000 00378nam a2200133Ia 4500
999 _c3167
_d3167
008 200103s9999||||xx |||||||||||||| ||und||
020 _a9789280115659
082 _a613.69
_bIMO
100 _aInternational Maritime Organization
245 2 _a A pocket guide to cold water survival
260 _bInternational Maritime Organization
_c2012
_aLondon
300 _a25p.
942 _cBK